Mindhalálig a becsületért

Fejtón. [Autor ostáva na prebádanie]

Podrobná bibliografia
Hlavný autor: Gamma (Author)
Médium: Článok
Jazyk:Hungarian
Témy:
Zdroj: 1. Homonna és Vidéke : Vegyes tartalmu közmüvelődési, szépirodalmi és közgazdasági hetilap 1. Roč. 3, č. 27 (02.07.1903) s. 1 a 2
LEADER 00856nab#a2200313#ar4500
001 000073572
003 SVKKK
005 19970930xxxxxxx.
008 06 c xo huno
FMT
038 |a SVKKK 
040 |a SVKKK  |b slo  |e AACR2 
041 0 |a hun 
044 |a xo  |c SK 
080 |a 894.511(437.6)-9 
100 0 |a Gamma  |4 aut 
242 1 0 |a Do smrti za poctivosť 
245 1 0 |a Mindhalálig a becsületért  |c Gamma 
500 |a mikrofilm 
520 2 |a Fejtón. [Autor ostáva na prebádanie] 
650 0 4 |a fejtóny - literatúra maďarská - texty 
773 0 |t Homonna és Vidéke : Vegyes tartalmu közmüvelődési, szépirodalmi és közgazdasági hetilap  |g Roč. 3, č. 27 (02.07.1903) s. 1 a 2 
957 |a Humenné? 
958 |a DG 
958 |a SK 
974 |a Ba  |d 19970930 
992 |a RBX 
BAS
998 |a RETRO